000 01455nam a22003977a 4500
001 4963987
003 OSt
005 20210422063747.0
008 970909s1998 paua b 001 0 eng c
010 _a 97036822
020 _a0397554753 (pbk : alk. paper)
040 _aDNLM/DLC
_cDLC
_deng
_beng
041 _aeng
043 _an-us---
050 0 0 _aRT98
_b.S76 1998
060 1 0 _aWY 106 S775i 1998
080 _a616-08
_bS-81
082 0 0 _a610.73/43
_221
100 1 _aStackhouse, Joan C.
245 1 0 _aInto the community :
_bnursing in ambulatory and home care /
_c/ by: Lippincott,
260 _aPhiladelphia :
_bLippincott,
_cc1998.
300 _axx, 454 p. :
_bill. (some col.) ;
_c24 cm.
504 _aIncludes bibliographical references and index.
650 0 _aCommunity health nursing.
650 0 _aPatient Care
_9285
650 0 _aCommunity health nursing
_zUnited States.
650 1 2 _aCommunity Health Nursing.
650 2 2 _aAmbulatory Care
_xnurses' instruction.
650 2 2 _aHome Care Services.
653 _aპაციენტის მოვლა
653 _aპაციენტის ამბულატორიული მოვლა
653 _aპაციენტის სახლში მოვლა
906 _a7
_bcbc
_corignew
_d1
_eocip
_f19
_gy-gencatlg
942 _2udc
_cBK
999 _c831
_d831